Memòria - programa 1917 - 1918 = Memoria - programa 1917 - 1918 / Institut de Cultura i Biblioteca Popular per la Dona
Publicado:
Barcelona :Tip. Altés :
1918
Descripción Física:
40, 40 p. ; 24 cm
MARC
| LEADER | 00000nam a2200000Ia 4500 | ||
|---|---|---|---|
| 001 | 22082 | ||
| 008 | 160829s1918 xx 000 0 cat d | ||
| 110 | 2 | |a Institut de Cultura i Biblioteca Popular de la Dona |9 53079 | |
| 952 | |0 0 |1 0 |4 0 |6 E1352 |7 1 |9 53638 |a Arxiu |b Arxiu |d 2016-12-01 |l 0 |o E-1-352 |p 22082 |r 2016-12-01 00:00:00 |w 2016-12-01 |y ARXIU | ||
| 999 | |c 57504 |d 57504 | ||
| 080 | |a E-1-352 | ||
| 245 | |a Memòria - programa 1917 - 1918 = Memoria - programa 1917 - 1918 / Institut de Cultura i Biblioteca Popular per la Dona | ||
| 260 | |a Barcelona :Tip. Altés, |c 1918 | ||
| 300 | |a 40, 40 p. ; |c 24 cm | ||
| 590 | |a Prové de 3745, exp. 65. | ||
| 590 | |a Text capiculat català-castellà | ||
| 650 | |a Institut de Cultura i Biblioteca Popular per la Dona | ||
| 901 | |a Arxiu | ||
| 942 | |n 1 |2 udc | ||